| 000 | 01687cam a2200505 i 4500 | ||
|---|---|---|---|
| 001 | 31629 | ||
| 003 | KOSZ 005 | ||
| 005 | 20250702104247.0 | ||
| 008 | 250702s1997 pl a f 000 0 pol | ||
| 015 | _aUWD 1997/5075 | ||
| 020 | _a8371431783 | ||
| 035 | _a991005304339705066 | ||
| 035 | _a(PL-WaBN)b11388304-48omnis_nlop | ||
| 035 | _ab11388304 | ||
| 035 | _a(OCoLC)750669892 | ||
| 035 | _a(PL)b0000001138830 | ||
| 035 | _a(EXLNZ-48OMNIS_NETWORK)9910324316405606 | ||
| 040 |
_aWA N _cWA N _dKOSZ 005/RW |
||
| 046 | _k1997 | ||
| 080 | _a539.3/.6 | ||
| 080 | _a(075.8) | ||
| 100 | 1 |
_aLitewka, Andrzej _eAutor |
|
| 245 | 1 | 0 |
_aWytrzymałość materiałów. _nCz. 1 / _cAndrzej Litewka. |
| 250 | _aWydanie I. | ||
| 260 |
_aPoznań : _bWydawnictwo Politechniki Poznańskiej, _c1997. |
||
| 300 |
_a385 stron : _brysunki, wykresy ; _c24 cm. |
||
| 336 |
_aTekst _btxt _2rdacontent |
||
| 337 |
_aBez urządzenia pośredniczącego _bn _2rdamedia |
||
| 338 |
_aWolumin _bnc _2rdacarrier |
||
| 380 | _aKsiążki | ||
| 380 | _aPublikacje dydaktyczne | ||
| 380 | _aPublikacje naukowe | ||
| 385 |
_mPoziom nauczania _aSzkoły wyższe |
||
| 388 | 1 | _a1901-2000 | |
| 388 | 1 | _a1989-2000 | |
| 504 | _aBibliografia na stronach [383]-385. | ||
| 650 | 7 |
_aNaprężenia i odkształcenia _2DBN |
|
| 650 | 7 |
_aWytrzymałość materiałów _2DBN |
|
| 655 | 7 |
_aPodręczniki akademickie _2DBN |
|
| 658 | _aInżynieria i technika | ||
| 710 | 2 |
_aWydawnictwo Politechniki Poznańskiej _4pbl |
|
| 856 |
_uhttps://koha.tu.koszalin.pl/cgi-bin/koha/opac-detail.pl?biblionumber=31629 _yKatalog online BPK |
||
| 942 |
_2UKD _cKS |
||
| 999 |
_c31629 _d31629 |
||